00758nam a2200229 a 450000100060000000300080000600500170001400800410003102000360007203500190010804000270012704100080015408200270016210000210018924501120021026000380032230000260036050400660038660000320045265000200048470000240050467081BD-RjUL20211209081619.0170321s1996 nyu b 001 0 eng  a047157855X (cloth : alk. paper) a(BD-RjUL)67212 aDLCcDLCdBD-RjULbeng aeng00a150.1952223bFIF 19961 aFisher, Seymour.10aFreud scientifically reappraised :btesting the theories and therapy /cSeymour Fisher, Roger P. Greenberg. aNew York :bWiley & Sons,cc1996. axiv, 353 p. ;c24 cm. aIncludes bibliographical references (p. 287-335) and indexes.10aFreud, Sigmund,d1856-1939. 0aPsychoanalysis.1 aGreenberg, Roger P.